[Event "AUTO-OPEN-3730"]
[Site "http://www.queenalice.com/game.php?id=1469535"]
[Date "2017.3.19"]
[Round "2"]
[White "m_2788"]
[Black "jr66"]
[Result "0-1"]
[WhiteElo "2181"]
[BlackElo "2454"]

1. d4 d5 2. c4 c6 3. Nc3 Nf6 4. Nf3 e6 5. Bg5 h6 6. Bh4 dxc4 7. a4 Bb4 8. Qc2
Nbd7 9. e3 b5 10. Be2 Bb7 11. O-O a6 12. Ne4 Be7 13. Nxf6+ Bxf6 14. Bg3 O-O 15.
Nd2 c5 16. Bf3 Bxf3 17. Nxf3 cxd4 18. Nxd4 Bxd4 19. exd4 Nb6 20. axb5 axb5 21.
Rxa8 Qxa8 22. Rd1 Qa2 23. h3 Rc8 24. Rc1 b4 25. Bd6 b3 26. Qd2 Na4 27. Bb4 Nxb2
0-1

[Event "AUTO-OPEN-3730"]
[Site "http://www.queenalice.com/game.php?id=1469536"]
[Date "2017.3.19"]
[Round "2"]
[White "jr66"]
[Black "m_2788"]
[Result "1-0"]
[WhiteElo "2457"]
[BlackElo "2177"]

1. e4 c5 2. Nf3 d6 3. d4 cxd4 4. Nxd4 Nf6 5. Nc3 a6 6. Be3 g6 7. f3 Bg7 8. Qd2
O-O 9. O-O-O Nc6 10. g4 Bd7 11. h4 b5 12. h5 b4 13. Nd5 Nxd5 14. Nxc6 Bxc6 15.
exd5 Bd7 16. Kb1 f5 17. hxg6 hxg6 18. Bd4 Rf7 19. Qh2 Bxd4 20. Rxd4 Rg7 21. gxf5
Bxf5 22. Bd3 Kf7 23. Bxf5 gxf5 24. Qh5+ Kf6 25. Qh6+ Rg6 26. Qh4+ Kf7 27. Qh7+
Kf6 28. Re1 Rg7 29. Qh6+ Kf7 30. Qe6+ Ke8 31. Rh4 Rf7 32. Rh8+ 1-0

[Event "AUTO-MASTER-2532"]
[Site "http://www.queenalice.com/game.php?id=1479138"]
[Date "2017.5.21"]
[Round "2"]
[White "arcibaldo"]
[Black "m_2788"]
[Result "1-0"]
[WhiteElo "2253"]
[BlackElo "2160"]

1. e4 c5 2. Nf3 d6 3. d4 cxd4 4. Nxd4 Nf6 5. Nc3 g6 6. Be3 Bg7 7. f3 O-O 8. Bd3
Nc6 9. Nxc6 bxc6 10. Qd2 a5 11. O-O Ba6 12. Bxa6 Rxa6 13. b3 Qc7 14. Rad1 Rb8
15. a3 Nd7 16. f4 Nc5 17. Bxc5 dxc5 18. Na4 c4 19. bxc4 c5 20. e5 Qc6 21. Qd7 e6
22. Rf3 Bf8 23. Rb3 Rxb3 24. cxb3 Qe4 25. Qd2 Be7 26. Nc3 Qf5 27. h3 h5 28. Qd7
Bh4 29. Qc8+ Kg7 30. Qxa6 Qxf4 31. Qxa5 Bf2+ 32. Kh1 Qxe5 33. Nb5 1-0

[Event "AUTO-MASTER-2532"]
[Site "http://www.queenalice.com/game.php?id=1479139"]
[Date "2017.5.21"]
[Round "2"]
[White "m_2788"]
[Black "arcibaldo"]
[Result "0-1"]
[WhiteElo "2159"]
[BlackElo "2244"]

1. d4 Nf6 2. c4 e6 3. Nf3 d5 4. Nc3 c6 5. Bg5 h6 6. Bxf6 Qxf6 7. e3 Nd7 8. Bd3
dxc4 9. Bxc4 e5 10. O-O Be7 11. Ne4 Qg6 12. Bd3 f5 13. Nxe5 Nxe5 14. dxe5 fxe4
15. Be2 O-O 16. Bh5 Qf5 17. f4 exf3 18. Rxf3 Qxe5 19. Rxf8+ Bxf8 20. Qf3 Be6 21.
Rf1 Bc5 22. Bf7+ Kh8 0-1

[Event "AUTO-MASTER-2532"]
[Site "http://www.queenalice.com/game.php?id=1479140"]
[Date "2017.5.21"]
[Round "2"]
[White "filou"]
[Black "m_2788"]
[Result "1/2-1/2"]
[WhiteElo "2046"]
[BlackElo "2180"]

1. e4 c5 2. c3 Nf6 3. e5 Nd5 4. Nf3 e6 5. Bc4 Nb6 6. Bb3 c4 7. Bc2 Be7 8. O-O
O-O 9. b3 Nc6 10. Ba3 d5 11. exd6 Bxd6 12. Bxd6 Qxd6 13. Qe2 cxb3 14. axb3 Nd5
15. Qd3 g6 16. Re1 Rd8 17. b4 e5 18. Na3 Bf5 19. Qe2 Bxc2 20. Nxc2 Nf4 21. Qe3
Nd5 22. Qh6 Qf6 23. Ng5 Qg7 24. Qxg7+ Kxg7 25. b5 Nce7 26. Rxe5 Kf6 27. Rae1 h6
28. Nh3 Rd7 29. Nd4 a5 30. bxa6 Rxa6 31. f4 Nc6 32. Nxc6 bxc6 33. g4 Ra2 34. g5+
hxg5 35. fxg5+ Kg7 36. R5e2 Nc7 37. d4 Rxe2 38. Rxe2 Nb5 39. Re3 Ra7 40. Nf4 Ra3
41. Ne2 f6 42. h4 fxg5 43. hxg5 Kf7 44. Kf2 Nd6 45. Nf4 Nf5 46. Rd3 Ra2+ 47. Kf3
Ra1 48. c4 Rf1+ 49. Kg4 Rg1+ 50. Kf3 Rxg5 51. d5 Rg3+ 52. Ke2 Rxd3 53. Nxd3 cxd5
1/2-1/2

[Event "AUTO-MASTER-2532"]
[Site "http://www.queenalice.com/game.php?id=1479141"]
[Date "2017.5.21"]
[Round "2"]
[White "m_2788"]
[Black "filou"]
[Result "1-0"]
[WhiteElo "2150"]
[BlackElo "2084"]

1. d4 d5 2. c4 Nc6 3. Nf3 Bf5 4. Nc3 e6 5. Bf4 a6 6. e3 Nf6 7. Be2 dxc4 8. Bxc4
Be7 9. O-O O-O 10. Re1 b5 11. Bd3 Bxd3 12. Qxd3 Nb4 13. Qe2 c6 14. e4 c5 15.
dxc5 Bxc5 16. a3 Nc6 17. Rac1 Bd6 18. Red1 e5 19. Nxe5 Nxe5 20. Bxe5 Qb6 21.
Rxd6 1-0

[Event "AUTO-MASTER-2546"]
[Site "http://www.queenalice.com/game.php?id=1488994"]
[Date "2017.8.6"]
[Round "2"]
[White "m_2788"]
[Black "NimbleKnight"]
[Result "1/2-1/2"]
[WhiteElo "2156"]
[BlackElo "2183"]

1. d4 Nf6 2. c4 e6 3. Nf3 d5 4. Bg5 Bb4+ 5. Nbd2 dxc4 6. a4 c5 7. dxc5 Nc6 8. e3
O-O 9. Bxc4 Bxc5 10. O-O b6 11. Qe2 Bb7 12. Rfd1 Qc7 13. Bxf6 gxf6 14. Rac1 Rac8
15. Ne4 Be7 16. Bd3 Rfd8 17. b4 Qb8 18. Qb2 Ne5 19. Nxe5 Qxe5 20. Qxe5 fxe5 21.
Rxc8 Rxc8 22. b5 Rd8 23. f3 f5 24. Nf2 Bc5 25. Bc4 Rxd1+ 26. Nxd1 Bd5 27. Bxd5
exd5 28. Kf1 Kf7 29. Ke2 d4 30. e4 f4 31. Kd3 Ke6 32. Nf2 Be7 33. Kc4 Bh4 34.
Nd3 Be7 35. g3 fxg3 36. hxg3 Bd6 37. f4 exf4 38. gxf4 Bc5 39. Nf2 h5 40. Nh3 Kd6
41. Ng5 h4 42. e5+ Ke7 43. f5 Kd7 44. f6 Ke8 45. e6 Kf8 46. Kd3 Ba3 47. Ke2 Bc5
48. Kf3 Bb4 49. Ne4 Ba3 50. Kg4 d3 51. Kxh4 Bb4 52. Kg4 d2 53. Nf2 Bc3 54. Kf5
Ke8 55. Kg6 Kf8 56. Kf5 Ba1 57. f7 Bh8 58. Ke4 Ke7 59. Kf5 Kf8 60. Kg6 Bd4 61.
Nd1 Ba1 62. Kh7 Bd4 63. Kg6 Ba1 64. Kf5 Bh8 65. Ke4 Ke7 66. Kd5 Bg7 67. Ne3 Bf8
68. Nd1 Bg7 69. Ne3 Bf8 70. Nd1 Bg7 1/2-1/2

[Event "AUTO-MASTER-2546"]
[Site "http://www.queenalice.com/game.php?id=1488995"]
[Date "2017.8.6"]
[Round "2"]
[White "NimbleKnight"]
[Black "m_2788"]
[Result "1-0"]
[WhiteElo "2168"]
[BlackElo "2167"]

1. d4 Nf6 2. c4 e5 3. dxe5 Ng4 4. Bf4 Bb4+ 5. Nd2 Nc6 6. Nf3 Qe7 7. e3 Ngxe5 8.
Nxe5 Nxe5 9. Be2 a5 10. O-O O-O 11. a3 Bxd2 12. Qxd2 a4 13. c5 b6 14. cxb6 cxb6
15. Rfd1 Rd8 16. Bxe5 Qxe5 17. Qd5 Ra5 18. Qxe5 Rxe5 19. Rd6 Re6 20. Rad1 Rde8
21. Bb5 Rxd6 22. Rxd6 Re6 23. Rxe6 dxe6 24. Bxa4 e5 25. Kf1 f6 26. Ke2 Kf7 27.
Kd3 Ba6+ 28. Kc3 Ke6 29. Bc2 h6 30. b4 Kd6 31. Bd3 Bb7 32. e4 f5 33. f3 f4 34.
a4 g5 35. Kc4 Ba6+ 36. b5 Bb7 37. Kb4 h5 38. h3 Bc8 39. Bc4 g4 40. hxg4 hxg4 41.
Bd5 gxf3 42. gxf3 Bd7 43. a5 bxa5+ 44. Kxa5 Kc7 45. b6+ Kb8 46. Kb4 Bh3 47. Bc4
1-0

[Event "AUTO-MASTER-2546"]
[Site "http://www.queenalice.com/game.php?id=1488997"]
[Date "2017.8.6"]
[Round "2"]
[White "Diemerlin"]
[Black "m_2788"]
[Result "1-0"]
[WhiteElo "2278"]
[BlackElo "2176"]

1. e4 c5 2. d4 cxd4 3. c3 dxc3 4. Nxc3 d6 5. Nf3 Nc6 6. Bc4 e6 7. O-O Be7 8. Qe2
Nf6 9. Rd1 Qc7 10. Nb5 Qb8 11. Bf4 e5 12. Bg5 a6 13. Bxf6 axb5 14. Bxe7 Kxe7 15.
Bxb5 Bg4 16. h3 Nd4 17. Rxd4 Bxf3 18. Qxf3 exd4 19. Qh5 Qa7 20. Bc4 g6 21. Qg5+
Ke8 22. Qf6 Kd7 23. Bb5+ Kc7 24. Rc1+ Kb6 25. Qxd6+ Kxb5 26. a4+ Kxa4 27. Qa3+
1-0

[Event "AUTO-OPEN-3899"]
[Site "http://www.queenalice.com/game.php?id=1514291"]
[Date "2018.2.1"]
[Round "1"]
[White "Alex_ac"]
[Black "m_2788"]
[Result "0-1"]
[WhiteElo "1537"]
[BlackElo "2158"]

1. c4 e5 2. a3 Nc6 3. Nc3 f5 4. d3 Nf6 5. e4 Bc5 6. Nf3 O-O 7. Be2 d6 8. h3 fxe4
9. dxe4 a6 10. O-O Qe8 11. Bg5 Qg6 12. Nd5 Nxd5 13. cxd5 Nd4 14. Bd2 Bxh3 15.
Nxd4 Qxg2# 0-1

[Event "AUTO-OPEN-3899"]
[Site "http://www.queenalice.com/game.php?id=1514292"]
[Date "2018.2.1"]
[Round "1"]
[White "m_2788"]
[Black "Alex_ac"]
[Result "1-0"]
[WhiteElo "2157"]
[BlackElo "1553"]

1. e4 e5 2. d4 d6 3. Nf3 h6 4. Bc4 Nf6 5. dxe5 Nxe4 6. Qd5 Qe7 7. Qxe4 a6 8. O-O
g6 9. Re1 Bf5 10. Qxb7 Qd8 11. exd6+ Be6 12. dxc7 1-0

[Event "AUTO-OPEN-3899"]
[Site "http://www.queenalice.com/game.php?id=1514311"]
[Date "2018.2.1"]
[Round "1"]
[White "Oneil"]
[Black "m_2788"]
[Result "0-1"]
[WhiteElo "1680"]
[BlackElo "2173"]

1. e4 c5 2. Nf3 d6 3. d4 cxd4 4. Nxd4 Nf6 5. Nc3 a6 6. Be2 e5 7. Nb3 Be7 8. O-O
O-O 9. Be3 Be6 10. Nd2 b5 11. a3 Nbd7 12. f4 Nc5 13. Bxc5 dxc5 14. fxe5 Nd7 15.
Nf3 Qc7 16. Nd5 Bxd5 17. exd5 Nxe5 18. Nxe5 Qxe5 19. c3 Bd6 20. g3 c4 21. Bg4
Rad8 22. Re1 Bc5+ 23. Kg2 Qxd5+ 24. Qxd5 Rxd5 25. Bf3 Rd2+ 26. Re2 Rfd8 27. Re1
g6 28. Rxd2 Rxd2+ 29. Re2 Rxe2+ 0-1

[Event "AUTO-OPEN-3899"]
[Site "http://www.queenalice.com/game.php?id=1514312"]
[Date "2018.2.1"]
[Round "1"]
[White "m_2788"]
[Black "Oneil"]
[Result "1-0"]
[WhiteElo "2174"]
[BlackElo "1678"]

1. d4 e6 2. c4 b6 3. Nc3 Bb7 4. e4 Bb4 5. Bf4 Bxe4 6. Qb3 Bxc3+ 7. Qxc3 Nf6 8.
Nf3 Bxf3 9. gxf3 Nh5 10. Bg3 Nxg3 11. fxg3 Qf6 12. Bg2 c5 13. Rd1 cxd4 14. Qxd4
Qxd4 15. Rxd4 Nc6 16. Rd2 Rd8 17. Kf2 Ne5 18. b3 O-O 19. Rhd1 f5 20. h3 f4 21.
gxf4 Rxf4 22. Rd6 Rdf8 23. Kg3 h5 24. R1d4 1-0

[Event "AUTO-OPEN-3899"]
[Site "http://www.queenalice.com/game.php?id=1514323"]
[Date "2018.2.1"]
[Round "1"]
[White "m_2788"]
[Black "Toits"]
[Result "0-1"]
[WhiteElo "2175"]
[BlackElo "2213"]

1. d4 Nf6 2. c4 e6 3. Nf3 Nc6 4. Bg5 Bb4+ 5. Nbd2 h6 6. Bxf6 Qxf6 7. a3 Bxd2+ 8.
Qxd2 d6 9. e3 e5 10. d5 e4 11. Nd4 Ne5 12. Be2 O-O 13. O-O a5 14. Rac1 b6 15. f4
exf3 16. Nxf3 Bd7 17. Qc3 Rae8 18. Nxe5 Qxe5 19. Qxe5 Rxe5 20. Rc3 g6 21. Bf3
Kg7 22. b4 Ra8 23. Rb1 h5 24. h3 h4 25. Kf2 axb4 26. Rxb4 f5 27. Rb1 g5 28. Re1
g4 29. hxg4 fxg4 30. Bd1 Kf6 31. Rf1 Rf5+ 32. Ke2 Rf8 33. Rxf5+ Kxf5 34. Kf2
Ke5+ 35. Kg1 g3 36. Bf3 h3 37. Rc1 h2+ 38. Kh1 Bf5 39. Re1 Ra8 40. e4 Bd7 41.
Ra1 Ra4 0-1

[Event "AUTO-OPEN-3899"]
[Site "http://www.queenalice.com/game.php?id=1514324"]
[Date "2018.2.1"]
[Round "1"]
[White "Toits"]
[Black "m_2788"]
[Result "1-0"]
[WhiteElo "1872"]
[BlackElo "2158"]

1. d4 Nf6 2. c4 e5 3. dxe5 Ng4 4. e3 Nxe5 5. Bd2 Nbc6 6. f4 Ng6 7. a3 a5 8. Qh5
Be7 9. Bd3 Bh4+ 10. g3 Bf6 11. Bc3 Qe7 12. Bxf6 Qxe3+ 13. Qe2 Qxe2+ 14. Nxe2
gxf6 15. Nbc3 Nce7 16. O-O-O c6 17. c5 O-O 18. Bc2 Rb8 19. Rd6 Kg7 20. Nd4 b6
21. cxb6 Rxb6 22. Re1 Ra6 23. Bd3 Ra7 24. h4 Re8 25. h5 Nf8 26. Rxe7 Rxe7 27.
Nf5+ Kh8 28. Nxe7 1-0

[Event "AUTO-MASTER-2691"]
[Site "http://www.queenalice.com/game.php?id=1514356"]
[Date "2018.2.1"]
[Round "1"]
[White "Sacapiece"]
[Black "m_2788"]
[Result "1-0"]
[WhiteElo "2237"]
[BlackElo "2168"]

1. e4 c5 2. Nf3 d6 3. d4 cxd4 4. Nxd4 Nf6 5. Nc3 a6 6. Bg5 e6 7. f4 Qb6 8. Qd2
Qxb2 9. Nb3 Qa3 10. Bxf6 gxf6 11. Be2 h5 12. O-O Qb4 13. Kh1 Nd7 14. Rab1 Qb6
15. Nd4 Qc7 16. f5 Ne5 17. fxe6 Bxe6 18. Rxf6 Bg4 19. Nd5 Qd8 20. Rxb7 Rc8 21.
Bxa6 Rb8 22. Bb5+ Bd7 23. Rxd7 Nxd7 24. Qg5 Rxb5 25. Re6+ Be7 26. Rxe7+ Kf8 27.
Ne6+ 1-0

[Event "AUTO-MASTER-2691"]
[Site "http://www.queenalice.com/game.php?id=1514357"]
[Date "2018.2.1"]
[Round "1"]
[White "m_2788"]
[Black "Sacapiece"]
[Result "1-0"]
[WhiteElo "2158"]
[BlackElo "2242"]

1. d4 Nf6 2. c4 e5 3. dxe5 Ng4 4. Bf4 Bb4+ 5. Nd2 Nc6 6. Nf3 Qe7 7. a3 Ngxe5 8.
Nxe5 Nxe5 9. Bxe5 Bxd2+ 10. Qxd2 Qxe5 11. e3 O-O 12. Bd3 d6 13. O-O Re8 14. Rad1
Bg4 15. Be2 Bxe2 16. Qxe2 Re6 17. Rd4 Rh6 18. f4 Qe7 19. Rf3 Re8 20. Rg3 Qf6 21.
Qf3 Qh4 22. h3 Qe7 23. Qxb7 Re6 24. Rd3 a5 25. Qd5 Qf6 26. Qd4 Qxd4 27. exd4
Re1+ 28. Kh2 R1e2 29. b3 h5 30. h4 Ra2 31. a4 Ree2 32. Rde3 Red2 33. Re8+ Kh7
34. Re7 Kg8 35. Re8+ Kh7 36. Rf8 Rxd4 37. Rxf7 Rf2 38. Rfxg7+ Kh8 39. R7g5 Rfxf4
40. Rxh5# 1-0

[Event "AUTO-MASTER-2691"]
[Site "http://www.queenalice.com/game.php?id=1514368"]
[Date "2018.2.1"]
[Round "1"]
[White "mascarade"]
[Black "m_2788"]
[Result "0-1"]
[WhiteElo "1908"]
[BlackElo "2164"]

1. Nf3 g6 2. d4 Bg7 3. e4 d6 4. Bc4 Nf6 5. Nc3 O-O 6. O-O Bg4 7. Be2 Nbd7 8. Ng5
Bxe2 9. Qxe2 c6 10. Bf4 Qb6 11. e5 Nh5 12. Be3 Qxb2 13. e6 fxe6 14. Nxe6 Qxc3
15. Nxf8 Rxf8 16. Rfd1 Nb6 17. Rd3 Qxa1+ 0-1

[Event "AUTO-MASTER-2691"]
[Site "http://www.queenalice.com/game.php?id=1514374"]
[Date "2018.2.1"]
[Round "1"]
[White "erig1969"]
[Black "m_2788"]
[Result "1/2-1/2"]
[WhiteElo "2049"]
[BlackElo "2183"]

1. d4 Nf6 2. Nf3 d6 3. Bg5 g6 4. Bxf6 exf6 5. e3 Bg7 6. Be2 O-O 7. O-O Nc6 8. c4
a5 9. Nc3 Ne7 10. e4 c5 11. dxc5 dxc5 12. Qxd8 Rxd8 13. Nd5 Nxd5 14. cxd5 Bg4
15. Rab1 Rab8 16. h3 Bd7 17. b3 Re8 18. Bd3 Kf8 19. Rfe1 h5 20. Rbc1 b6 21. a4
Bh6 22. Rc2 Bf4 23. Rce2 b5 24. axb5 Bxb5 25. Bc4 Bxc4 26. bxc4 Rb4 27. Rc2 a4
28. g3 Bd6 29. Ra1 Ra8 30. Nd2 g5 31. Raa2 Be5 32. Kf1 a3 33. Ke2 Ke7 34. Nf3
Rb2 35. Kd1 Rxa2 36. Rxa2 Bb2 37. Kc2 Kd6 38. Ne1 Ra4 39. Kd3 Rb4 40. Nc2 Rb3+
41. Ke2 Rc3 42. Ne3 Bc1 43. Ra1 Bxe3 44. fxe3 Rxc4 45. Rxa3 Rxe4 46. Ra6+ Kxd5
47. Rxf6 g4 48. h4 c4 49. Rf5+ Re5 50. Rxf7 Kc5 51. Kd2 Kb4 52. Rb7+ Rb5 53.
Rxb5+ Kxb5 54. Kc3 Kc5 55. e4 Kb5 56. e5 Kc5 57. e6 Kd6 58. e7 Kxe7 59. Kxc4 Ke6
60. Kd4 Kd6 61. Ke4 Ke6 62. Kf4 1/2-1/2

[Event "AUTO-MASTER-2691"]
[Site "http://www.queenalice.com/game.php?id=1514375"]
[Date "2018.2.1"]
[Round "1"]
[White "m_2788"]
[Black "erig1969"]
[Result "1-0"]
[WhiteElo "2175"]
[BlackElo "2026"]

1. d4 d5 2. c4 c6 3. Nc3 Nf6 4. Nf3 Bg4 5. e3 e6 6. Be2 Be7 7. O-O Bxf3 8. Bxf3
O-O 9. cxd5 cxd5 10. e4 dxe4 11. Nxe4 Nc6 12. Be3 Nd5 13. a3 Nf6 14. Nxf6+ Bxf6
15. Bxc6 bxc6 16. Qa4 Qd5 17. Rac1 Rfc8 18. Rc2 a5 19. Rfc1 Ra6 20. Rc5 Qd7 21.
Rxa5 Rxa5 22. Qxa5 g6 23. Qb6 Bd8 24. Qc5 Be7 25. Qc4 Bf6 26. b4 Ra8 27. Qxc6
Qxc6 28. Rxc6 Rxa3 29. Kf1 Ra1+ 30. Ke2 Kg7 31. b5 Ra5 32. b6 Rb5 33. Kd3 e5 34.
dxe5 Bxe5 35. g3 Rd5+ 36. Kc4 Rd8 37. b7 Rd7 38. Rb6 Rd8 39. Bf4 Bb8 40. Bxb8
Rxb8 41. Kc5 1-0